The rise of the eAuction (Record no. 77034)
[ view plain ]
| 000 -LEADER | |
|---|---|
| fixed length control field | 01095cab a2200217 4500 |
| 001 - CONTROL NUMBER | |
| control field | ##L133486 |
| 008 - FIXED-LENGTH DATA ELEMENTS--GENERAL INFORMATION | |
| fixed length control field | 060512n2006 000 0 eng u |
| 035 ## - SYSTEM CONTROL NUMBER | |
| System control number | (Sirsi) u133486 |
| 041 0# - LANGUAGE CODE | |
| Language code of text/sound track or separate title | eng |
| 100 1# - MAIN ENTRY--PERSONAL NAME | |
| Personal name | Falconer, Heather |
| 245 04 - TITLE STATEMENT | |
| Title | The rise of the eAuction |
| 260 ## - PUBLICATION, DISTRIBUTION, ETC. | |
| Date of publication, distribution, etc. | 2006 |
| 490 #0 - SERIES STATEMENT | |
| Series statement | Facilities Management |
| Volume/sequential designation | 13(8) May 2006, 13-15(3) |
| 520 ## - SUMMARY, ETC. | |
| Summary, etc. | Weighs up the arguments for and against using electronic reverse auctions to buy facilities management services. The debate has been ignited by Article 54 of the EU directive on procurement in the public sector (Directive 2004/18/EC), transposed into UK law as the Public Contracts Regulations 2006 Reg 21, which came into force on 31 January 2006. This regulation is interpreted by some bodies as validation for their position that eAuctions are not suitable for procurement of professional services. |
| 590 ## - LOCAL NOTE (RLIN) | |
| Local note | IKA230506 |
| 650 24 - SUBJECT ADDED ENTRY--TOPICAL TERM | |
| Topical term or geographic name entry element | PUBLIC CONTRACTS REGULATIONS 2006 REG 21 |
| 650 24 - SUBJECT ADDED ENTRY--TOPICAL TERM | |
| Topical term or geographic name entry element | DIRECTIVE 2004/18/EC ART 54 |
| 651 #4 - SUBJECT ADDED ENTRY--GEOGRAPHIC NAME | |
| Geographic name | England and Wales |
| Chronological subdivision | 1543- |
| 690 ## - LOCAL SUBJECT ADDED ENTRY--TOPICAL TERM (OCLC, RLIN) | |
| Topical term or geographic name as entry element | MANAGEMENT-FACILITIES MANAGEMENT |
| 942 ## - ADDED ENTRY ELEMENTS (KOHA) | |
| Suppress in OPAC | 0 |
| Withdrawn status | Lost status | Source of classification or shelving scheme | Damaged status | Not for loan | Home library | Current library | Shelving location | Date acquired | Total Checkouts | Full call number | Barcode | Date last seen | Copy number | Price effective from | Koha item type |
|---|---|---|---|---|---|---|---|---|---|---|---|---|---|---|---|
| Dewey Decimal Classification | London | London | Journal article | 12/05/2006 | L133486 | 133486-1001 | 06/08/2019 | 1 | 06/08/2019 | Journal article |